000 00488cam a22002054a 4500
005 20250605164312.0
008 250528s ||||||||||||||||||||||||d
035 _a22563
020 _a9780335213481
040 _aGR-AtMCL
_bgre
_dGR-AtMCL
_eAACR2
245 1 _aAPPROACHES TO PSYCHOLOGY
250 _a4
260 _bMcgraw Hill,
_c2004
300 _a538
700 1 _aGlassman William E
_98345
700 1 _aHadad Marilyn
_98346
942 _cBK
999 _c7611
_d7611